Old Testament (Record no. 11235)

MARC details
000 -LEADER
fixed length control field 00590nam a2200241 a 4500
020 ## - INTERNATIONAL STANDARD BOOK NUMBER
ISBN
082 00 - DEWEY DECIMAL CLASSIFICATION NUMBER
Classification number 221
Author Cutter ALL
100 ## - MAIN ENTRY--AUTHOR NAME
Author name Alleman, Herbert C
245 ## - TITLE STATEMENT
Title Old Testament
Sub title Commentary
260 ## - PUBLICATION, DISTRIBUTION, ETC. (IMPRINT)
Place of publication Philadelphia
Name of publisher Muhlenberg Press
Year of publication 1948
300 ## - PHYSICAL DESCRIPTION
Number of Pages 893p
500 ## - GENERAL NOTE
General note includes index and biblioraphy
505 2# - FORMATTED CONTENTS NOTE
Formatted contents note Index
650 ## - SUBJECT ADDED ENTRY--TOPICAL TERM
Topical Term Old Testament-Commentry
942 ## - ADDED ENTRY ELEMENTS (KOHA)
Koha item type Books
700 1# -
-- Alleman, Herbert C
Holdings
Collection code Home library Current library Date acquired Cost, normal purchase price Full call number Accession Number Koha item type
  Henry Martyn Institute Library Henry Martyn Institute Library 06/21/2007 100.00 221 ALL 016491 Books
                   Copyright © 2026 | Henry Martyn Institute | Hyderabad | TS-500052 | INDIA | Implemented by hmi.edu.in
Hit-Count:

Powered by Koha